000 00833nam a2200253Ia 4500
003 OSt
005 20220930070008.0
006 a|||||r|||| 00| 0
007 ta
008 220926b |||||||| |||| 00| 0 eng d
024 _a6376
037 _cTheses
040 _aCRL
_cCRL
_beng
041 _2eng
_aeng
100 _aRehan Sudhir
_9526634
110 _aUniversity of Delhi. Faculty of Medical Science. Department of Medicine
245 0 _aRole of goiterogens (Thiocynate) and nutritional factors in the causation of simple goiter in Delhi area
260 _c1989
650 _aMEDICINE
700 _a Dr B Krishna Ram Supervisor
_9523057
700 _aUniversity of Delhi. Faculty of Medical Science. Department of Medicine
942 _cDIS
_2CC
999 _c860298
_d860298